| 000 | 00906nam a2200229Ia 4500 | ||
|---|---|---|---|
| 001 | 16073 | ||
| 003 | GE_BSU | ||
| 008 | 181216s||||||||xx |||||||||||||| ||und|| | ||
| 040 | _cGE_BSU | ||
| 080 | _a821.353.1-32+821.353.1-31 | ||
| 100 | _aჭილაძე, თამაზ | ||
| 245 | _aრჩეული : 2 ტომად. პროზა | ||
| 245 | _cრედ.ნ.ხომერიკი.მხ.გ.წერეთელი.ბოლოსიტყვ. ავტ.: ჯ. ღვინჯილია. | ||
| 260 | _aთბილისი | ||
| 260 | _bმერანი | ||
| 260 | _c1982 | ||
| 300 | _a630 გვ.22 სმ. | ||
| 653 | _aაჰა მიიწურა ზამთარი; წერო; პარასკევა; პოსეიდონის სასახლე [და სხვა | ||
| 653 | _aპროზა | ||
| 653 | _aრჩეული | ||
| 942 | _cBK | ||
| 999 |
_c49162 _d49162 |
||